000 00475nam a22001697a 4500
005 20251108175227.0
008 250721s9999 xx 000 0 ara d
082 1 4 _aط/ق/مغا
245 1 0 _aمغامرة في العصور الوسطى /
264 _brabie،
650 1 7 _aالاطفال
650 1 7 _aالقصص القصيرة
650 1 7 _aالتعلم
653 _aاطفال ما قبل المدرسة (0-5) سنوات
942 _2ddc
_cBK
999 _c129186
_d129186